Statystyki dla Jedyne państwo afrykańskie ....

Kliknij tutaj aby rozwiązać quiz!

Ogólne statystyki

  • Ten quiz został rozwiązany 3,258 razy
    (2,980 od ostatniego zresetowania)
  • Średni wynik to 10 z 20

Statystyki odpowiedzi

Jedyny kraj, który ... Kraj % Correct
zaczyna się od litery CCzad
94%
dwukrotnie zaatakował IzraelEgipt
88%
zdobył 10 nagród NoblaRepublika
Południowej Afryki
77%
stracił ponad 20% powierzchni w 2011 rokuSudan
71%
dostaje ponad 10 milionów turystów rocznieMaroko
70%
jest całkowicie otoczony przez inny krajLesotho
67%
jest całkowicie na północ od 30°NTunezja
63%
jest miejscem narodzin ponad 700 000
mieszkańców Francji
Algieria
53%
ma górę z wysokością ponad 5500 metrówTanzania
50%
leży tylko 20 km od JemenuDżibuti
50%
ma stolicę nad Jeziorem WiktoriiUganda
49%
ma ponad 1 000 000 km 2 powierzchni lasuDemokratyczna
Republika Konga
47%
ma ponad 2 000 gatunków, których nie
można znaleźć nigdzie indziej
Madagaskar
41%
produkuje ponad 500 filmów
fabularnych rocznie
Nigeria
39%
ma stolicę nazwaną na cześć
prezydenta USA
Liberia
32%
ma hiszpański jako język urzędowyGwinea
Równikowa
17%
ma ponad 100 000 słoniBotswana
16%
był rządzony przez dyktatora, który
miał ponad 90 lat
Zimbabwe
16%
mówi głównie językami oromo i amharskiEtiopia
15%
ludzie nie osiedlili się aż do XVIII wieku
(Lata 1700.)
Seszele
15%

Rozkład punktacji

Percentyl według liczby udzielonych odpowiedzi

Procent ludzi z każdym wynikiem

Twoja historia wyników

Nie rozwiązałeś tego quizu od ostatniego zresetowania